[Event "World Cup 2023 Open"]
[Site "Baku, Azerbaijan"]
[Date "????.??.??"]
[Round "33.1"]
[White "Keymer Vincent (GER)"]
[Black "Carlsen Magnus (NOR)"]
[Result "1/2-1/2"]
[WhiteFideId "12940690"]
[BlackFideId "1503014"]
[WhiteElo "2690"]
[BlackElo "2835"]

1. d4 {[%clk 00:10:18]} d5 {[%clk 00:10:19]} 2. c4 {[%clk 00:10:27]} c6 {[%clk
00:10:28]} 3. Nf3 {[%clk 00:10:35]} {[%emt 00:00:02]} Nf6 {[%clk 00:10:37]} 4.
e3 {[%clk 00:10:44]} {[%emt 00:00:01]} e6 {[%clk 00:10:45]} {[%emt 00:00:02]} 5.
Nbd2 {[%clk 00:10:42]} {[%emt 00:00:12]} c5 {[%clk 00:10:44]} {[%emt 00:00:11]}
6. cxd5 {[%clk 00:10:50]} {[%emt 00:00:02]} exd5 {[%clk 00:10:53]} {[%emt
00:00:01]} 7. Bb5+ {[%clk 00:10:59]} Bd7 {[%clk 00:10:54]} {[%emt 00:00:09]} 8.
Bxd7+ {[%clk 00:11:07]} {[%emt 00:00:02]} Nbxd7 {[%clk 00:11:03]} {[%emt
00:00:02]} 9. b3 {[%clk 00:09:56]} {[%emt 00:01:21]} Be7 {[%clk 00:11:11]}
{[%emt 00:00:02]} 10. Bb2 {[%clk 00:09:56]} {[%emt 00:00:10]} Rc8 {[%clk
00:11:17]} {[%emt 00:00:04]} 11. dxc5 {[%clk 00:09:27]} {[%emt 00:00:40]} Nxc5
{[%clk 00:11:26]} {[%emt 00:00:01]} 12. O-O {[%clk 00:09:31]} {[%emt 00:00:05]}
O-O {[%clk 00:11:34]} {[%emt 00:00:02]} 13. Qe2 {[%clk 00:09:34]} {[%emt
00:00:08]} Nfe4 {[%clk 00:11:38]} {[%emt 00:00:06]} 14. Rfd1 {[%clk 00:08:30]}
{[%emt 00:01:14]} Bf6 {[%clk 00:11:41]} {[%emt 00:00:07]} 15. Nd4 {[%clk
00:08:34]} {[%emt 00:00:06]} Qd7 {[%clk 00:09:17]} {[%emt 00:02:34]} 16. Rac1
{[%clk 00:07:42]} {[%emt 00:01:03]} Rfe8 {[%clk 00:09:16]} {[%emt 00:00:11]} 17.
N2f3 {[%clk 00:06:51]} {[%emt 00:01:00]} h6 {[%clk 00:08:55]} {[%emt 00:00:31]}
18. h3 {[%clk 00:06:56]} {[%emt 00:00:05]} a6 {[%clk 00:09:01]} {[%emt
00:00:05]} 19. Qe1 {[%clk 00:06:06]} {[%emt 00:01:00]} Rc7 {[%clk 00:07:59]}
{[%emt 00:01:12]} 20. Rc2 {[%clk 00:04:51]} {[%emt 00:01:25]} Rec8 {[%clk
00:08:06]} {[%emt 00:00:03]} 21. Qa5 {[%clk 00:04:54]} {[%emt 00:00:08]} Ne6
{[%clk 00:06:56]} {[%emt 00:01:18]} 22. Rxc7 {[%clk 00:04:30]} {[%emt
00:00:35]} Rxc7 {[%clk 00:07:04]} {[%emt 00:00:02]} 23. Qb6 {[%clk 00:03:47]}
{[%emt 00:01:02]} Qc8 {[%clk 00:06:28]} {[%emt 00:00:57]} 24. Nxe6 {[%clk
00:02:44]} {[%emt 00:01:14]} Rc6 {[%clk 00:06:06]} {[%emt 00:00:32]} 25. Qb4
{[%clk 00:02:37]} {[%emt 00:00:16]} fxe6 {[%clk 00:04:18]} {[%emt 00:01:58]} 26.
Bxf6 {[%clk 00:02:46]} {[%emt 00:00:01]} Nxf6 {[%clk 00:04:27]} {[%emt
00:00:01]} 27. Nd4 {[%clk 00:02:20]} {[%emt 00:00:36]} Rc1 {[%clk 00:04:33]}
{[%emt 00:00:04]} 28. Rxc1 {[%clk 00:02:02]} {[%emt 00:00:29]} Qxc1+ {[%clk
00:04:41]} {[%emt 00:00:01]} 29. Kh2 {[%clk 00:02:11]} Qc7+ {[%clk 00:04:49]}
{[%emt 00:00:02]} 30. f4 {[%clk 00:01:59]} {[%emt 00:00:22]} Kf7 {[%clk
00:04:06]} {[%emt 00:00:52]} 31. a4 {[%clk 00:01:50]} {[%emt 00:00:19]} e5
{[%clk 00:02:29]} {[%emt 00:01:47]} 32. Nf3 {[%clk 00:01:02]} {[%emt 00:00:59]}
a5 {[%clk 00:02:32]} {[%emt 00:00:08]} 33. Qd2 {[%clk 00:00:55]} {[%emt
00:00:16]} exf4 34. exf4 {[%clk 00:01:04]} Qc5 {[%clk 00:02:44]} {[%emt
00:00:06]} 35. Qe2 {[%clk 00:01:02]} {[%emt 00:00:13]} Qc7 {[%clk 00:01:52]}
{[%emt 00:01:02]} 36. Ne5+ {[%clk 00:00:51]} {[%emt 00:00:21]} Kg8 {[%clk
00:02:01]} 37. Qd3 {[%clk 00:00:56]} {[%emt 00:00:05]} Qc8 {[%clk 00:01:38]}
{[%emt 00:00:33]} 38. Qg6 {[%clk 00:00:31]} {[%emt 00:00:35]} Qe6 {[%clk
00:00:57]} {[%emt 00:00:50]} 39. Qc2 {[%clk 00:00:37]} {[%emt 00:00:05]} Nh5
{[%clk 00:00:22]} {[%emt 00:00:45]} 40. Qd2 {[%clk 00:00:32]} {[%emt 00:00:15]}
b6 {[%clk 00:00:28]} {[%emt 00:00:03]} 41. Qd4 {[%clk 00:00:35]} {[%emt
00:00:07]} Nf6 {[%clk 00:00:34]} {[%emt 00:00:04]} 42. Qd3 {[%clk 00:00:31]}
{[%emt 00:00:15]} Nh5 {[%clk 00:00:35]} {[%emt 00:00:09]} 43. Qd4 {[%clk
00:00:37]} {[%emt 00:00:04]} Nf6 {[%clk 00:00:39]} {[%emt 00:00:06]} 44. Qd3
{[%clk 00:00:46]} 1/2-1/2

[Event "World Cup 2023 Open"]
[Site "Baku, Azerbaijan"]
[Date "????.??.??"]
[Round "33.6"]
[White "Wang Hao (CHN)"]
[Black "Svane Rasmus (GER)"]
[Result "1/2-1/2"]
[WhiteFideId "8602883"]
[BlackFideId "4657101"]
[WhiteElo "2709"]
[BlackElo "2625"]

1. e4 {[%clk 00:10:18]} {[%emt 00:00:02]} e5 {[%clk 00:10:19]} {[%emt
00:00:01]} 2. Nf3 {[%clk 00:10:27]} {[%emt 00:00:01]} Nc6 {[%clk 00:10:27]}
{[%emt 00:00:01]} 3. Bb5 {[%clk 00:10:36]} {[%emt 00:00:01]} a6 {[%clk
00:10:36]} {[%emt 00:00:01]} 4. Ba4 {[%clk 00:10:45]} Nf6 {[%clk 00:10:45]} 5.
O-O {[%clk 00:10:53]} {[%emt 00:00:02]} Be7 {[%clk 00:10:53]} {[%emt 00:00:01]}
6. Re1 {[%clk 00:11:01]} {[%emt 00:00:03]} b5 {[%clk 00:11:02]} 7. Bb3 {[%clk
00:11:10]} {[%emt 00:00:01]} O-O {[%clk 00:11:10]} {[%emt 00:00:02]} 8. a4
{[%clk 00:11:19]} {[%emt 00:00:01]} Bb7 {[%clk 00:11:19]} {[%emt 00:00:01]} 9.
d3 {[%clk 00:11:27]} {[%emt 00:00:01]} d6 {[%clk 00:11:27]} {[%emt 00:00:02]}
10. Nbd2 {[%clk 00:11:06]} {[%emt 00:00:31]} Nd7 {[%clk 00:11:34]} {[%emt
00:00:03]} 11. Nf1 {[%clk 00:11:09]} {[%emt 00:00:08]} Nc5 {[%clk 00:11:42]}
{[%emt 00:00:02]} 12. axb5 {[%clk 00:11:16]} {[%emt 00:00:03]} axb5 {[%clk
00:11:50]} {[%emt 00:00:02]} 13. Rxa8 {[%clk 00:11:22]} {[%emt 00:00:04]} Qxa8
{[%clk 00:11:59]} {[%emt 00:00:01]} 14. Bd5 {[%clk 00:11:30]} {[%emt 00:00:01]}
Nd8 {[%clk 00:12:07]} {[%emt 00:00:02]} 15. Bxb7 {[%clk 00:11:38]} {[%emt
00:00:02]} Qxb7 {[%clk 00:12:15]} {[%emt 00:00:02]} 16. Ne3 {[%clk 00:11:35]}
{[%emt 00:00:13]} Nde6 {[%clk 00:12:23]} {[%emt 00:00:01]} 17. Nf5 {[%clk
00:11:43]} {[%emt 00:00:02]} Bf6 {[%clk 00:12:32]} {[%emt 00:00:01]} 18. h4
{[%clk 00:11:51]} {[%emt 00:00:01]} b4 {[%clk 00:12:41]} {[%emt 00:00:01]} 19.
b3 {[%clk 00:11:58]} {[%emt 00:00:04]} Ra8 {[%clk 00:12:50]} {[%emt 00:00:01]}
20. Bd2 {[%clk 00:11:49]} {[%emt 00:00:19]} Ra2 {[%clk 00:12:20]} {[%emt
00:00:40]} 21. Qb1 {[%clk 00:11:46]} {[%emt 00:00:13]} Ra6 {[%clk 00:12:22]}
{[%emt 00:00:08]} 22. g3 {[%clk 00:10:54]} {[%emt 00:01:02]} h5 {[%clk
00:11:04]} {[%emt 00:01:28]} 23. Be3 {[%clk 00:06:04]} {[%emt 00:05:00]} g6
{[%clk 00:09:42]} {[%emt 00:01:32]} 24. Nh6+ {[%clk 00:06:07]} {[%emt
00:00:08]} Kg7 {[%clk 00:09:51]} {[%emt 00:00:01]} 25. g4 {[%clk 00:06:16]}
{[%emt 00:00:01]} hxg4 {[%clk 00:08:50]} {[%emt 00:01:11]} 26. Nxg4 {[%clk
00:06:24]} {[%emt 00:00:02]} Nd7 {[%clk 00:08:58]} {[%emt 00:00:01]} 27. Ng5
{[%clk 00:05:59]} {[%emt 00:00:35]} d5 {[%clk 00:08:47]} {[%emt 00:00:22]} 28.
Nxe6+ {[%clk 00:05:58]} {[%emt 00:00:10]} Rxe6 {[%clk 00:08:54]} {[%emt
00:00:03]} 29. Bg5 {[%clk 00:05:48]} {[%emt 00:00:21]} dxe4 {[%clk 00:07:42]}
{[%emt 00:01:22]} 30. dxe4 {[%clk 00:05:41]} {[%emt 00:00:17]} Be7 {[%clk
00:06:48]} {[%emt 00:01:04]} 31. Qd1 {[%clk 00:05:32]} {[%emt 00:00:19]} Qc6
{[%clk 00:06:50]} {[%emt 00:00:08]} 32. Bxe7 {[%clk 00:05:07]} {[%emt
00:00:35]} Rxe7 {[%clk 00:06:59]} {[%emt 00:00:01]} 33. Qd2 {[%clk 00:05:15]}
{[%emt 00:00:02]} Nf6 {[%clk 00:06:27]} {[%emt 00:00:42]} 34. Qh6+ {[%clk
00:05:11]} {[%emt 00:00:14]} Kg8 {[%clk 00:06:36]} {[%emt 00:00:01]} 35. Nxf6+
{[%clk 00:04:37]} {[%emt 00:00:44]} Qxf6 {[%clk 00:06:45]} {[%emt 00:00:02]} 36.
Kg2 {[%clk 00:04:13]} {[%emt 00:00:34]} Re6 {[%clk 00:05:47]} {[%emt 00:01:08]}
37. Re3 {[%clk 00:04:07]} {[%emt 00:00:15]} Rc6 {[%clk 00:05:38]} {[%emt
00:00:19]} 38. Rf3 {[%clk 00:02:28]} {[%emt 00:01:50]} Qd8 {[%clk 00:05:12]}
{[%emt 00:00:37]} 39. Rd3 {[%clk 00:02:14]} {[%emt 00:00:24]} Qe7 {[%clk
00:04:55]} {[%emt 00:00:26]} 40. Rd2 {[%clk 00:01:55]} {[%emt 00:00:30]} Rc3
{[%clk 00:03:52]} {[%emt 00:01:13]} 41. Qg5 {[%clk 00:02:01]} {[%emt 00:00:04]}
Qxg5+ {[%clk 00:02:42]} {[%emt 00:01:19]} 42. hxg5 {[%clk 00:02:09]} {[%emt
00:00:02]} Kf8 {[%clk 00:02:26]} {[%emt 00:00:26]} 43. f3 {[%clk 00:02:17]}
{[%emt 00:00:02]} Ke7 {[%clk 00:02:34]} {[%emt 00:00:03]} 44. Kg3 {[%clk
00:02:25]} {[%emt 00:00:02]} Ke6 {[%clk 00:02:37]} {[%emt 00:00:07]} 45. Kg4
{[%clk 00:02:33]} {[%emt 00:00:02]} c5 {[%clk 00:02:40]} {[%emt 00:00:08]} 46.
Kg3 {[%clk 00:02:35]} {[%emt 00:00:08]} Ke7 {[%clk 00:02:28]} {[%emt 00:00:22]}
47. Kg4 {[%clk 00:02:41]} {[%emt 00:00:03]} Ke6 {[%clk 00:02:37]} {[%emt
00:00:02]} 48. Kg3 {[%clk 00:02:47]} {[%emt 00:00:04]} c4 {[%clk 00:02:44]}
{[%emt 00:00:03]} 49. bxc4 {[%clk 00:02:54]} {[%emt 00:00:03]} Rxc4 {[%clk
00:02:52]} {[%emt 00:00:02]} 50. Kg4 {[%clk 00:02:41]} {[%emt 00:00:23]} Rc7
{[%clk 00:02:55]} {[%emt 00:00:08]} 51. Rh2 {[%clk 00:02:09]} {[%emt 00:00:42]}
Kd6 {[%clk 00:02:49]} {[%emt 00:00:15]} 52. f4 {[%clk 00:02:03]} {[%emt
00:00:16]} Rc4 {[%clk 00:02:23]} {[%emt 00:00:36]} 53. Re2 {[%clk 00:02:11]}
{[%emt 00:00:02]} Ke6 {[%clk 00:02:06]} {[%emt 00:00:26]} 54. Kf3 {[%clk
00:02:09]} {[%emt 00:00:12]} Rc3+ {[%clk 00:02:10]} {[%emt 00:00:07]} 55. Kg4
{[%clk 00:02:18]} {[%emt 00:00:01]} Rc4 {[%clk 00:02:14]} {[%emt 00:00:06]} 56.
Kf3 {[%clk 00:02:26]} {[%emt 00:00:02]} Rc3+ {[%clk 00:01:23]} {[%emt
00:01:01]} 57. Kg4 {[%clk 00:02:35]} {[%emt 00:00:01]} exf4 {[%clk 00:01:22]}
{[%emt 00:00:11]} 58. Kxf4 {[%clk 00:02:43]} {[%emt 00:00:02]} Rc6 {[%clk
00:01:19]} {[%emt 00:00:13]} 59. Rd2 {[%clk 00:02:48]} {[%emt 00:00:05]} Rc4
{[%clk 00:01:22]} {[%emt 00:00:07]} 60. Ke3 {[%clk 00:02:47]} {[%emt 00:00:11]}
Rc5 {[%clk 00:01:22]} {[%emt 00:00:10]} 61. Kf4 {[%clk 00:02:51]} {[%emt
00:00:07]} Rc4 {[%clk 00:01:27]} {[%emt 00:00:05]} 62. Ke3 {[%clk 00:02:58]}
{[%emt 00:00:02]} Rc5 {[%clk 00:00:46]} {[%emt 00:00:52]} 1/2-1/2

[Event "World Cup 2023 Open"]
[Site "Baku, Azerbaijan"]
[Date "????.??.??"]
[Round "33.7"]
[White "Wojtaszek Radoslaw (POL)"]
[Black "Dominguez Perez Leinier (USA)"]
[Result "1/2-1/2"]
[WhiteFideId "1118358"]
[BlackFideId "3503240"]
[WhiteElo "2676"]
[BlackElo "2739"]

1. c4 {[%clk 00:10:19]} c5 {[%clk 00:10:19]} {[%emt 00:00:01]} 2. Nf3 {[%clk
00:10:26]} {[%emt 00:00:02]} Nf6 {[%clk 00:10:28]} {[%emt 00:00:01]} 3. Nc3
{[%clk 00:10:34]} {[%emt 00:00:03]} Nc6 {[%clk 00:10:36]} {[%emt 00:00:01]} 4.
g3 {[%clk 00:10:28]} {[%emt 00:00:16]} d5 {[%clk 00:10:39]} {[%emt 00:00:07]} 5.
d4 {[%clk 00:10:36]} {[%emt 00:00:01]} e6 {[%clk 00:10:38]} {[%emt 00:00:11]} 6.
cxd5 {[%clk 00:10:42]} {[%emt 00:00:05]} Nxd5 {[%clk 00:10:44]} {[%emt
00:00:04]} 7. Bg2 {[%clk 00:10:43]} {[%emt 00:00:08]} cxd4 {[%clk 00:10:37]}
{[%emt 00:00:17]} 8. Nxd4 {[%clk 00:10:51]} {[%emt 00:00:03]} Nxc3 {[%clk
00:10:45]} {[%emt 00:00:02]} 9. bxc3 {[%clk 00:10:58]} {[%emt 00:00:03]} Nxd4
{[%clk 00:10:54]} {[%emt 00:00:01]} 10. Qxd4 {[%clk 00:10:29]} {[%emt
00:00:39]} Qxd4 {[%clk 00:11:02]} {[%emt 00:00:02]} 11. cxd4 {[%clk 00:10:37]}
{[%emt 00:00:01]} Bd6 {[%clk 00:11:11]} {[%emt 00:00:01]} 12. Rb1 {[%clk
00:08:50]} {[%emt 00:01:57]} Rb8 {[%clk 00:11:14]} {[%emt 00:00:07]} 13. Bf4
{[%clk 00:08:47]} {[%emt 00:00:12]} Bxf4 {[%clk 00:11:04]} {[%emt 00:00:20]} 14.
gxf4 {[%clk 00:08:56]} {[%emt 00:00:02]} Ke7 {[%clk 00:11:13]} {[%emt
00:00:01]} 15. Kd2 {[%clk 00:08:52]} {[%emt 00:00:14]} Rd8 {[%clk 00:11:21]}
{[%emt 00:00:02]} 16. e3 {[%clk 00:08:44]} {[%emt 00:00:18]} b6 {[%clk
00:11:27]} {[%emt 00:00:04]} 17. Rhc1 {[%clk 00:08:42]} {[%emt 00:00:11]} Bb7
{[%clk 00:11:23]} {[%emt 00:00:14]} 18. Rc7+ {[%clk 00:08:40]} {[%emt
00:00:12]} Rd7 {[%clk 00:11:32]} {[%emt 00:00:02]} 19. Rxd7+ {[%clk 00:08:49]}
Kxd7 {[%clk 00:11:41]} {[%emt 00:00:01]} 20. Bf1 {[%clk 00:08:58]} Be4 {[%clk
00:10:12]} {[%emt 00:01:39]} 21. Bb5+ {[%clk 00:08:36]} {[%emt 00:00:32]} Kd6
{[%clk 00:09:29]} {[%emt 00:00:53]} 22. Rc1 {[%clk 00:08:43]} {[%emt 00:00:04]}
Rb7 {[%clk 00:08:58]} {[%emt 00:00:41]} 23. Rc8 {[%clk 00:08:22]} {[%emt
00:00:30]} Rc7 {[%clk 00:09:07]} {[%emt 00:00:02]} 24. Rd8+ {[%clk 00:08:31]}
{[%emt 00:00:02]} Ke7 {[%clk 00:09:16]} 25. Re8+ {[%clk 00:08:39]} {[%emt
00:00:01]} Kf6 {[%clk 00:09:25]} {[%emt 00:00:01]} 26. Ba4 {[%clk 00:07:45]}
{[%emt 00:01:04]} Bb7 {[%clk 00:06:18]} {[%emt 00:03:18]} 27. Rd8 {[%clk
00:05:59]} {[%emt 00:01:56]} Ke7 {[%clk 00:05:46]} {[%emt 00:00:42]} 28. Re8+
{[%clk 00:05:56]} {[%emt 00:00:13]} Kf6 {[%clk 00:05:54]} {[%emt 00:00:01]} 29.
Rd8 {[%clk 00:06:03]} {[%emt 00:00:03]} Ke7 {[%clk 00:05:03]} {[%emt 00:01:01]}
30. Re8+ {[%clk 00:05:35]} {[%emt 00:00:38]} 1/2-1/2

[Event "World Cup 2023 Open"]
[Site "Baku, Azerbaijan"]
[Date "????.??.??"]
[Round "33.9"]
[White "Maghsoodloo Parham (IRI)"]
[Black "Duda Jan-Krzysztof (POL)"]
[Result "0-1"]
[WhiteFideId "12539929"]
[BlackFideId "1170546"]
[WhiteElo "2719"]
[BlackElo "2732"]

1. e4 {[%clk 00:10:19]} e5 {[%clk 00:10:19]} {[%emt 00:00:01]} 2. Nf3 {[%clk
00:10:28]} {[%emt 00:00:01]} Nf6 {[%clk 00:10:28]} 3. Nxe5 {[%clk 00:10:36]}
{[%emt 00:00:02]} d6 {[%clk 00:10:37]} 4. Nf3 {[%clk 00:10:44]} {[%emt
00:00:02]} Nxe4 {[%clk 00:10:45]} {[%emt 00:00:01]} 5. d4 {[%clk 00:10:53]}
{[%emt 00:00:01]} d5 {[%clk 00:10:54]} {[%emt 00:00:01]} 6. Bd3 {[%clk
00:11:02]} {[%emt 00:00:01]} Bf5 {[%clk 00:11:03]} {[%emt 00:00:01]} 7. O-O
{[%clk 00:11:10]} {[%emt 00:00:03]} Be7 {[%clk 00:11:11]} {[%emt 00:00:01]} 8.
Re1 {[%clk 00:11:19]} {[%emt 00:00:01]} O-O {[%clk 00:11:19]} {[%emt 00:00:02]}
9. Nbd2 {[%clk 00:11:28]} {[%emt 00:00:02]} Nd6 {[%clk 00:11:27]} {[%emt
00:00:02]} 10. Nf1 {[%clk 00:11:36]} {[%emt 00:00:02]} c6 {[%clk 00:11:36]}
{[%emt 00:00:01]} 11. Bf4 {[%clk 00:11:44]} {[%emt 00:00:01]} Bxd3 {[%clk
00:11:44]} {[%emt 00:00:02]} 12. Qxd3 {[%clk 00:11:53]} {[%emt 00:00:02]} Na6
{[%clk 00:11:52]} {[%emt 00:00:02]} 13. h4 {[%clk 00:11:55]} {[%emt 00:00:08]}
Nc7 {[%clk 00:12:01]} {[%emt 00:00:01]} 14. Ng5 {[%clk 00:11:07]} {[%emt
00:00:59]} Bxg5 {[%clk 00:12:09]} {[%emt 00:00:02]} 15. Bxg5 {[%clk 00:11:15]}
{[%emt 00:00:01]} f6 {[%clk 00:12:17]} {[%emt 00:00:02]} 16. Bf4 {[%clk
00:11:24]} {[%emt 00:00:01]} Qd7 {[%clk 00:12:26]} {[%emt 00:00:01]} 17. Ne3
{[%clk 00:11:32]} {[%emt 00:00:02]} Rfe8 {[%clk 00:12:34]} {[%emt 00:00:01]} 18.
b3 {[%clk 00:11:38]} {[%emt 00:00:04]} Ne6 {[%clk 00:12:09]} {[%emt 00:00:35]}
19. Bh2 {[%clk 00:11:46]} {[%emt 00:00:01]} Nf7 {[%clk 00:10:49]} {[%emt
00:01:30]} 20. Rad1 {[%clk 00:11:30]} {[%emt 00:00:26]} Rad8 {[%clk 00:10:42]}
{[%emt 00:00:17]} 21. a4 {[%clk 00:10:36]} {[%emt 00:01:05]} Nh6 {[%clk
00:10:33]} {[%emt 00:00:18]} 22. c4 {[%clk 00:10:29]} {[%emt 00:00:16]} dxc4
{[%clk 00:08:50]} {[%emt 00:01:54]} 23. Nxc4 {[%clk 00:08:03]} {[%emt
00:02:36]} Nf7 {[%clk 00:08:56]} {[%emt 00:00:03]} 24. Re3 {[%clk 00:07:08]}
{[%emt 00:01:05]} Nc7 {[%clk 00:07:16]} {[%emt 00:01:50]} 25. Bxc7 {[%clk
00:07:15]} {[%emt 00:00:04]} Qxc7 {[%clk 00:07:25]} {[%emt 00:00:01]} 26. d5
{[%clk 00:07:03]} {[%emt 00:00:22]} Rxe3 {[%clk 00:06:43]} {[%emt 00:00:51]} 27.
Qxe3 {[%clk 00:07:11]} {[%emt 00:00:02]} cxd5 {[%clk 00:06:14]} {[%emt
00:00:39]} 28. Rxd5 {[%clk 00:07:20]} {[%emt 00:00:01]} g6 {[%clk 00:06:12]}
{[%emt 00:00:12]} 29. Qd4 {[%clk 00:04:17]} {[%emt 00:03:12]} Kg7 {[%clk
00:06:04]} {[%emt 00:00:18]} 30. g3 {[%clk 00:04:24]} {[%emt 00:00:03]} Rxd5
{[%clk 00:05:52]} {[%emt 00:00:21]} 31. Qxd5 {[%clk 00:04:33]} {[%emt
00:00:01]} Qe7 {[%clk 00:05:52]} {[%emt 00:00:10]} 32. Kg2 {[%clk 00:04:35]}
{[%emt 00:00:07]} h5 {[%clk 00:05:30]} {[%emt 00:00:33]} 33. Na5 {[%clk
00:03:50]} {[%emt 00:00:56]} Nd8 {[%clk 00:04:56]} {[%emt 00:00:44]} 34. Nc4
{[%clk 00:03:30]} {[%emt 00:00:30]} Nf7 {[%clk 00:05:03]} {[%emt 00:00:03]} 35.
Kf3 {[%clk 00:03:19]} {[%emt 00:00:19]} Qb4 {[%clk 00:04:24]} {[%emt 00:00:49]}
36. Ne3 {[%clk 00:03:10]} {[%emt 00:00:17]} Ne5+ {[%clk 00:04:19]} {[%emt
00:00:18]} 37. Ke2 {[%clk 00:03:18]} {[%emt 00:00:02]} Qe7 {[%clk 00:04:11]}
{[%emt 00:00:18]} 38. Qe4 {[%clk 00:03:11]} {[%emt 00:00:16]} Qd7 {[%clk
00:03:51]} {[%emt 00:00:30]} 39. Nd5 {[%clk 00:01:51]} {[%emt 00:01:30]} Qd6
{[%clk 00:02:34]} {[%emt 00:01:27]} 40. b4 {[%clk 00:01:21]} {[%emt 00:00:41]}
a6 {[%clk 00:01:39]} {[%emt 00:01:05]} 41. f4 {[%clk 00:01:24]} {[%emt
00:00:06]} Nc6 {[%clk 00:01:28]} {[%emt 00:00:20]} 42. b5 {[%clk 00:01:33]}
{[%emt 00:00:01]} axb5 {[%clk 00:01:32]} {[%emt 00:00:06]} 43. axb5 {[%clk
00:01:42]} f5 {[%clk 00:01:21]} {[%emt 00:00:21]} 44. Qd3 {[%clk 00:01:32]}
{[%emt 00:00:20]} Ne7 {[%clk 00:01:04]} {[%emt 00:00:27]} 45. Ne3 {[%clk
00:01:02]} {[%emt 00:00:40]} Qe6 {[%clk 00:00:59]} {[%emt 00:00:15]} 46. Kd2
{[%clk 00:00:50]} {[%emt 00:00:21]} Kf7 {[%clk 00:00:16]} {[%emt 00:00:53]} 47.
Nc4 {[%clk 00:00:59]} {[%emt 00:00:01]} Kg7 {[%clk 00:00:15]} {[%emt 00:00:12]}
48. Qd4+ {[%clk 00:00:48]} {[%emt 00:00:21]} Kh7 {[%clk 00:00:21]} {[%emt
00:00:03]} 49. Kd3 {[%clk 00:00:37]} {[%emt 00:00:21]} Qe1 {[%clk 00:00:24]}
{[%emt 00:00:06]} 50. Qe5 {[%clk 00:00:14]} {[%emt 00:00:34]} Qxg3+ {[%clk
00:00:12]} {[%emt 00:00:22]} 51. Kd4 {[%clk 00:00:23]} Qf2+ {[%clk 00:00:14]}
{[%emt 00:00:08]} 52. Qe3 {[%clk 00:00:21]} {[%emt 00:00:12]} Qxh4 {[%clk
00:00:22]} {[%emt 00:00:03]} 53. Qe5 {[%clk 00:00:13]} {[%emt 00:00:17]} Ng8
{[%clk 00:00:21]} {[%emt 00:00:11]} 54. Nd6 {[%clk 00:00:22]} {[%emt 00:00:02]}
Qf2+ {[%clk 00:00:27]} {[%emt 00:00:03]} 55. Kd5 {[%clk 00:00:31]} {[%emt
00:00:01]} h4 {[%clk 00:00:23]} {[%emt 00:00:14]} 56. Ke6 {[%clk 00:00:40]}
Qa2+ {[%clk 00:00:28]} {[%emt 00:00:04]} 57. Kd7 {[%clk 00:00:41]} {[%emt
00:00:09]} h3 {[%clk 00:00:36]} {[%emt 00:00:03]} 58. Ke8 {[%clk 00:00:20]}
{[%emt 00:00:31]} Qa8+ {[%clk 00:00:25]} {[%emt 00:00:21]} 59. Kf7 {[%clk
00:00:15]} {[%emt 00:00:15]} Nh6+ {[%clk 00:00:32]} {[%emt 00:00:03]} 60. Ke7
{[%clk 00:00:25]} Qg8 {[%clk 00:00:14]} {[%emt 00:00:28]} 61. Ne8 {[%clk
00:00:34]} {[%emt 00:00:01]} Qf7+ {[%clk 00:00:19]} {[%emt 00:00:04]} 62. Kd8
{[%clk 00:00:43]} {[%emt 00:00:01]} Ng4 {[%clk 00:00:26]} {[%emt 00:00:03]} 63.
Qe1 {[%clk 00:00:52]} h2 {[%clk 00:00:31]} {[%emt 00:00:06]} 64. Nd6 {[%clk
00:00:54]} {[%emt 00:00:08]} Qf8+ {[%clk 00:00:13]} {[%emt 00:00:28]} 65. Kc7
{[%clk 00:01:01]} {[%emt 00:00:03]} Nf2 {[%clk 00:00:13]} {[%emt 00:00:10]} 0-1